Nuevos arabismos en el vocabulario del noroeste murciano (Registro nro. 397663)

Detalles MARC
001 - NÚMERO DE CONTROL
campo de control 995524
005 - FECHA Y HORA DE LA ÚLTIMA TRANSACCIÓN
campo de control 20240907091558.0
008 - DATOS DE LONGITUD FIJA--INFORMACIÓN GENERAL
campo de control de longitud fija 061002e20050701 spa
035 ## - NÚMERO DE CONTROL DEL SISTEMA
Número de control de sistema 995524
035 ## - NÚMERO DE CONTROL DEL SISTEMA
Número de control de sistema (OCoLC)820364150
040 ## - FUENTE DE LA CATALOGACIÓN
Centro/agencia transcriptor comduadb
041 ## - CÓDIGO DE LENGUA
Código de lengua del texto/banda sonora o título independiente spa
100 10 - ENTRADA PRINCIPAL--NOMBRE DE PERSONA
Nombre de persona Corriente, Federico
Código de función aut
Término indicativo de función/relación Autor/a
9 (RLIN) 281281
245 10 - MENCIÓN DE TÍTULO
Título Nuevos arabismos en el vocabulario del noroeste murciano
650 ## - PUNTO DE ACCESO ADICIONAL DE MATERIA--TÉRMINO DE MATERIA
Término de materia o nombre geográfico como elemento de entrada Arabismo
9 (RLIN) 35454
650 ## - PUNTO DE ACCESO ADICIONAL DE MATERIA--TÉRMINO DE MATERIA
Término de materia o nombre geográfico como elemento de entrada Léxico
9 (RLIN) 87337
650 ## - PUNTO DE ACCESO ADICIONAL DE MATERIA--TÉRMINO DE MATERIA
Término de materia o nombre geográfico como elemento de entrada Murcia (España)
9 (RLIN) 71448
650 ## - PUNTO DE ACCESO ADICIONAL DE MATERIA--TÉRMINO DE MATERIA
Término de materia o nombre geográfico como elemento de entrada Derivacion (Gramatica)
9 (RLIN) 80433
650 ## - PUNTO DE ACCESO ADICIONAL DE MATERIA--TÉRMINO DE MATERIA
Término de materia o nombre geográfico como elemento de entrada Romance (Lengua)
9 (RLIN) 65219
650 #7 - PUNTO DE ACCESO ADICIONAL DE MATERIA--TÉRMINO DE MATERIA
Término de materia o nombre geográfico como elemento de entrada Lenguaje y lenguas
Fuente del encabezamiento o término lemb
9 (RLIN) 4778
773 0# - ENLACE AL DOCUMENTO FUENTE/ENTRADA DE REGISTRO ANFITRIÓN
Título Revista de Filología Española (Madrid)
Parte(s) relacionada(s) Vol. 85, Fasc. 02, Jul.-Dic. 2005, p. 225-244
Número de control del registro 183103
Número Internacional Normalizado para Publicaciones Seriadas 0210-9174
Número bibliográfico anfitrión 82857
942 ## - ELEMENTOS DE ENTRADA AGREGADA (KOHA)
Tipo de ítem Koha Artículo de Revista

No hay ítems disponibles.